000 00596nam a22002057a 4500
003 OSt
005 20220107122735.0
008 140412b xxu||||| |||| 00| 0 eng d
020 _a9788177589801
040 _cIIITM-K
082 _a005.133C++ MEY/M
100 _aMeyers, Scott
_93957
245 _aMore effective C++:
_b35 new ways to improveyour pragrams and designs
_cby Scott Meyers
260 _aNew Delhi,
_bPearson,
_c1996.
300 _a334p.
650 _aCOMPUTER SCIENCE
_93958
650 _aPRAGRAMMING LANGUAGES
_93959
650 _aC PLUS PLUS PROGRAMMING
_93960
942 _2ddc
_cBK
999 _c3800
_d3800